Essentials of Fortran 77

Αποθηκεύτηκε σε:
Λεπτομέρειες βιβλιογραφικής εγγραφής
Κύριος συγγραφέας: Shelley, John, 1940-
Μορφή: Βιβλίο
Γλώσσα:English
Δημοσίευση: Chichester [West Sussex] : New York : J. Wiley, c1984
Θέματα:
Ετικέτες: Προσθήκη ετικέτας
Δεν υπάρχουν, Καταχωρήστε ετικέτα πρώτοι!

MARC

LEADER 00000cam a2200000 i 4500
001 1/35672
008 950328s1984 enk| ||| |||| ||eng||
020 |a 047190502X   |c $19.08 (U.S.) 
035 |l 10040035 
035 |a 1987 
035 |l 10024660 
040 |a GR-MyUa  |b gre  |e AACR2 
041 0 |a eng 
082 7 |a 005.133   |2 (22) 
082 7 |a 001.6424  |2 (19) 
100 1 |a Shelley, John,   |d 1940- 
245 1 0 |a Essentials of Fortran 77 /   |c John Shelley.  
246 1 |i Άλλες παραλλαγές του τίτλου:   |a Essentials of Fortran seventy-seven 
246 1 |i Άλλες παραλλαγές του τίτλου:   |a Fortran seventy-seven 
260 |a Chichester [West Sussex] :   |a New York :   |b J. Wiley,   |c c1984 
300 |a xiv, 204 σ. :   |b εικ. ;   |c 25 εκ.  
500 |a Περιλαμβάνει ευρετήριο. 
500 |a Το παράρτημα Σάμου διαθέτει την ανατύπωση του 1985. 
650 0 |a FORTRAN 77 (Computer program language) 
767 0 8 |i Μεταφρασμένο ως:   |t Η γλώσσα FORTRAN 77 /  
852 |a INST  |b CHIOS  |e 19950328  |h 001.6424 SHE  |p 005200006907  |q 005200006907  |t BK  |y 0 
852 |a INST  |b CHIOS  |e 19950328  |h 001.6424 SHE  |p 005200006919  |q 005200006919  |t BK  |y 0 
852 |a INST  |b CHIOS  |e 19950328  |h 001.6424 SHE  |p 005200006920  |q 005200006920  |t BK  |y 0 
852 |a INST  |b CHIOS  |e 19950328  |h 001.6424 SHE  |p 005200006921  |q 005200006921  |t BK  |y 0 
852 |a INST  |b CHIOS  |e 19950328  |h 001.6424 SHE  |p 005200006922  |q 005200006922  |t BK  |y 0 
852 |a INST  |b SAMOS  |e 19941103  |h 005.133 SHE  |p 005300002094  |q 005300002094  |t BK  |y 0